MARC details
| 000 -LEADER |
| fixed length control field |
01971nas a22002537a 4500 |
| 005 - DATE AND TIME OF LATEST TRANSACTION |
| control field |
20260305140316.0 |
| 007 - PHYSICAL DESCRIPTION FIXED FIELD--GENERAL INFORMATION |
| fixed length control field |
cr |
| 008 - FIXED-LENGTH DATA ELEMENTS--GENERAL INFORMATION |
| fixed length control field |
260303c2011 ag |||p| |||| 00| 0 spa d |
| 022 ## - INTERNATIONAL STANDARD SERIAL NUMBER |
| International Standard Serial Number |
22504982 |
| 040 ## - CATALOGING SOURCE |
| Transcribing agency |
AR-FvUNAJ |
| 245 10 - TITLE STATEMENT |
| Title |
Anacronismo e Irrupción : |
| Remainder of title |
revista de teoría y filosofía política clásica y moderna / |
| Statement of responsibility, etc |
Instituto Gino Germani. Universidad de Buenos Aires |
| 260 ## - PUBLICATION, DISTRIBUTION, ETC. (IMPRINT) |
| Place of publication, distribution, etc |
Ciudad Autónoma de Buenos Aires : |
| Name of publisher, distributor, etc |
UBA, |
| Date of publication, distribution, etc |
2011 - |
| 300 ## - PHYSICAL DESCRIPTION |
| Extent |
En línea |
| 362 ## - DATES OF PUBLICATION AND/OR SEQUENTIAL DESIGNATION |
| Dates of publication and/or sequential designation |
Vol. 1, No. 1 (nov 2011 - may 2012) - |
| 520 2# - SUMMARY, ETC. |
| Summary, etc |
La revista Anacronismo e Irrupción es una publicación semestral vinculada al grupo de estudio de teoría política clásica y moderna, inscripto en el Instituto de Investigaciones Gino Germani de la Facultad de Ciencias Sociales de la Universidad de Buenos Aires, Argentina.<br/>Abocada a la teoría y filosofía política, se propone aportar a la labor de intercambio y difusión de la producción científica del área, publicando artículos sujetos a las condiciones de referato doble ciego y que comprenden distintas modalidades: artículos focalizados en temáticas específicas de la teoría política clásica y moderna, artículos que hacen hincapié en hermenéuticas contemporáneas en torno a lo clásico y moderno, contribuciones que expliciten avances de investigaciones y reseñas críticas. |
| 650 27 - SUBJECT ADDED ENTRY--TOPICAL TERM |
| Source of heading or term |
unescot |
| 9 (RLIN) |
935 |
| Topical term or geographic name as entry element |
TEORIA POLITICA |
| 650 27 - SUBJECT ADDED ENTRY--TOPICAL TERM |
| Source of heading or term |
unescot |
| 9 (RLIN) |
22085 |
| Topical term or geographic name as entry element |
DOCTRINA POLITICA |
| 710 2# - ADDED ENTRY--CORPORATE NAME |
| 9 (RLIN) |
2483 |
| Corporate name or jurisdiction name as entry element |
Universidad de Buenos Aires. |
| Subordinate unit |
Facultad de Ciencias Sociales. |
| -- |
Instituto de Investigaciones Gino Germani |
| 856 40 - ELECTRONIC LOCATION AND ACCESS |
| Uniform Resource Identifier |
<a href="https://publicaciones.sociales.uba.ar/index.php/anacronismo/index">https://publicaciones.sociales.uba.ar/index.php/anacronismo/index</a> |
| 856 40 - ELECTRONIC LOCATION AND ACCESS |
| Uniform Resource Identifier |
<a href="https://publicaciones.sociales.uba.ar/index.php/anacronismo/article/view/5258">https://publicaciones.sociales.uba.ar/index.php/anacronismo/article/view/5258</a> |
| Link text |
Un nacimiento situado para la violencia de género. Indagaciones sobre la militancia feminista porteña de los años 80 |
| 869 ## - Existencias |
| Año |
---- |
| 942 ## - ADDED ENTRY ELEMENTS (KOHA) |
| Source of classification or shelving scheme |
Dewey Decimal Classification |
| Item type |
Revista electrónica |
| 980 ## - EQUIVALENCE OR CROSS-REFERENCE-SERIES STATEMENT--PERSONAL NAME/TITLE [LOCAL, CANADA] |
| Linkage |
19227 |
| Personal name |
Leticia Ana Abalos |
| Field link and sequence number |
19227 |
| Miscellaneous information |
Leticia Ana Abalos |